000 00595nam a2200217Ia 4500
003 GCL
008 140319s9999 xx 000 0 ara d
040 _aGCL /
_cGCL
082 0 4 _a372.5
_bم م
100 1 _aمحمود بسيونى
245 1 0 _aمبادئ التربية الفنية /
_cمحمود بسيونى
260 _a[S.N] :
_bدار المعارف ،
_c1989
300 _a278 ص
490 _a
650 0 4 _aالاطفال
650 0 4 _aالرسم
650 0 4 _aرسوم الاطفال
650 0 4 _aالتربية الفنية
650 0 4 _aالصور
942 _2ddc
_cBK
999 _c28017
_d28017